| 000 | 01026cad a22002055a 4500 | ||
|---|---|---|---|
| 001 | L154326 | ||
| 008 | 111114s2011 xxk f 000 0 eng d | ||
| 035 | _a(Sirsi) u154326 | ||
| 041 | 0 | _aeng | |
| 100 | 1 | _aCrosthwaite, David | |
| 245 | 0 | 0 |
_aWorld construction 2011 _h[electronic resource] |
| 260 |
_a[S.l.] _bDavis Langdon _c2011 |
||
| 520 | _aA snapshot construction market overview illustrated with charts and tables of global construction spending 2010 (US$), global construction spending growth 2010-11 (% change), share of construction spending by region 2010-20, and share of construction spending by development status 2005-20; regional overview; general outlook. | ||
| 590 | _aKA NTK | ||
| 651 | 4 | _aInternational | |
| 690 | _aBUILT ENVIRONMENT-CONSTRUCTION MARKET | ||
| 710 | 1 |
_aDavis Langdon _94649 |
|
| 856 | 4 | 0 |
_uhttps://www.davislangdon.com/upload/StaticFiles/EME%20Publications/Other%20Research%20Publications/WorldConstruction2011.pdf _zView the report free of charge at www.davislangdon.com |
| 942 | _n0 | ||
| 999 |
_c112936 _d112936 |
||